[Event "Barber/Rockefeller Qualifier"]
[Site "Chess.com"]
[Date "2020.04.11"]
[Round "?"]
[White "Mahajan, Rushaan"]
[Black "Roesch, Carson"]
[Result "1-0"]
[WhiteElo "2208"]
[BlackElo "1758"]
[PlyCount "47"]
[EventDate "2020.??.??"]

1. d4 Nf6 2. Nf3 e6 3. Bg5 Be7 4. Nbd2 O-O 5. e3 b6 6. Bd3 Bb7 7. Qe2 d5 8. O-O
c5 9. c3 Nbd7 10. Ne5 c4 11. Bc2 Nxe5 12. dxe5 Nd7 13. Bxe7 Qxe7 14. f4 f6 15.
exf6 Qxf6 16. e4 b5 17. e5 Qe7 18. Qg4 Rae8 19. Nf3 Nb8 20. Nd4 a6 21. f5 exf5
22. Nxf5 Qxe5 23. Rae1 Rxf5 24. Qxf5 1-0

[Event "Barber/Rockefeller Qualifier"]
[Site "Chess.com"]
[Date "2020.04.11"]
[Round "?"]
[White "Chen, Angela"]
[Black "Mahajan, Rushaan"]
[Result "0-1"]
[WhiteElo "1559"]
[BlackElo "2208"]
[PlyCount "108"]
[EventDate "2020.??.??"]

1. e4 c6 2. d4 d5 3. exd5 cxd5 4. Nc3 Nc6 5. Bf4 Bf5 6. h3 Nf6 7. Nf3 h6 8. Be2
e6 9. O-O Bd6 10. Be3 O-O 11. Bd3 Bxd3 12. Qxd3 Rc8 13. a3 Na5 14. b3 a6 15.
Rfc1 Qe7 16. a4 Ba3 17. Rcb1 Nc6 18. Ra2 Nb4 19. Qd2 Nxa2 20. Nxa2 Bd6 21. Nc1
Ne4 22. Qd3 Rc3 23. Qd1 Rfc8 24. Rb2 Ba3 25. Ra2 Rxe3 26. Rxa3 Rxf3 27. gxf3
Nc3 28. Qd2 Qxa3 29. Nd3 Qa1+ 30. Kg2 Qd1 31. Qxd1 Nxd1 32. Ne1 b5 33. axb5
axb5 34. f4 Kf8 35. Kg3 Ke7 36. f3 Ne3 37. Kf2 Nxc2 38. Nd3 Nxd4 39. b4 Rc3 40.
Ne1 Nc2 41. Nxc2 Rxc2+ 42. Ke3 Rb2 43. Kd3 Rxb4 44. Ke3 Rb3+ 45. Ke2 Rc3 46.
Kf2 b4 47. Ke2 b3 48. Kd2 Rc8 49. Kd3 b2 50. Ke2 b1=Q 51. Kf2 Qg6 52. Ke2 Rc2+
53. Kf1 Qg2+ 54. Ke1 Qe2# 0-1

[Event "Barber/Rockefeller Qualifier"]
[Site "Chess.com"]
[Date "2020.04.12"]
[Round "?"]
[White "Mahajan, Rushaan"]
[Black "Vijayakumar, Advaith"]
[Result "0-1"]
[WhiteElo "2208"]
[BlackElo "2026"]
[PlyCount "102"]
[EventDate "2020.??.??"]

1. Nf3 Nf6 2. g3 e6 3. Bg2 d5 4. d4 Be7 5. O-O O-O 6. c4 dxc4 7. Qc2 a6 8. Qxc4
b5 9. Qc2 Bb7 10. Bd2 Be4 11. Qc1 Bb7 12. Bf4 Bd6 13. Nbd2 Nbd7 14. Nb3 Bd5 15.
Ne5 Bxg2 16. Kxg2 Bxe5 17. dxe5 Nd5 18. Rd1 c5 19. e4 Nxf4+ 20. gxf4 Qc7 21.
Qd2 Rfd8 22. Qd6 Qxd6 23. Rxd6 c4 24. Na5 Nc5 25. Rad1 Nd3 26. Kg3 Rdc8 27. Kf3
Nxb2 28. Nxc4 Nxc4 29. a3 Nxa3 30. h3 Nc2 31. h4 Ne1+ 32. Rxe1 Rcb8 33. Rc1 b4
34. Rc7 a5 35. Rdd7 Rf8 36. Rb7 a4 37. Rxb4 a3 38. Rb1 Rfc8 39. Rbb7 a2 40.
Rxf7 Ra3+ 41. Kg2 Kh8 42. Rbc7 Rg8 43. Rc1 a1=Q 44. Rxa1 Rxa1 45. f5 Ra5 46. f4
Rb8 47. fxe6 Ra3 48. Rf8+ Rxf8 49. f5 Rd8 50. Kf2 Rd2+ 51. Ke1 Rh2 0-1

[Event "Barber/Rockefeller Qualifier"]
[Site "Chess.com"]
[Date "2020.04.12"]
[Round "?"]
[White "Mahajan, Rushaan"]
[Black "Ramkumar, Aditya"]
[Result "1-0"]
[WhiteElo "2208"]
[BlackElo "1645"]
[PlyCount "115"]
[EventDate "2020.??.??"]

1. d4 Nf6 2. Nf3 d5 3. Bg5 e6 4. e3 c6 5. Nbd2 Be7 6. Bd3 Nbd7 7. O-O O-O 8. c3
h6 9. Bh4 c5 10. Qe2 Re8 11. e4 dxe4 12. Nxe4 Nf8 13. Bxf6 Bxf6 14. Nxc5 b6 15.
Ne4 Bb7 16. Nxf6+ Qxf6 17. Be4 Bxe4 18. Qxe4 Ng6 19. Rfe1 Rad8 20. Rad1 Qe7 21.
Ne5 Nxe5 22. Qxe5 f6 23. Qe4 Qd6 24. g3 e5 25. d5 Kf7 26. h4 Re7 27. h5 Red7
28. Qg6+ Kg8 29. c4 Qb4 30. b3 b5 31. Re4 bxc4 32. bxc4 Qa4 33. Rd2 Qa3 34. Rc2
Rb7 35. Re3 Qc5 36. Qf5 Rb4 37. Qg4 Qxd5 38. Qxg7+ Kxg7 39. cxd5 Rxd5 40. Rc7+
Kf8 41. Rxa7 Rbd4 42. Rb3 Rd8 43. Rbb7 e4 44. Rf7+ Kg8 45. Rxf6 R4d6 46. Rxd6
Rxd6 47. Kg2 Rd2 48. Kf1 Rd5 49. Ke2 Rxh5 50. Ke3 Re5 51. a4 Re6 52. a5 Rc6 53.
Kxe4 Rc1 54. f3 Ra1 55. g4 Ra4+ 56. Kf5 Rb4 57. Kg6 Rf4 58. Ra8+ 1-0

[Event "Barber/Rockefeller Qualifier"]
[Site "Chess.com"]
[Date "2020.04.12"]
[Round "?"]
[White "Chang, Eddie"]
[Black "Mahajan, Rushaan"]
[Result "1/2-1/2"]
[WhiteElo "1887"]
[BlackElo "2208"]
[PlyCount "161"]
[EventDate "2020.??.??"]

1. d4 Nf6 2. c4 e6 3. Nc3 Bb4 4. e3 c5 5. Bd3 cxd4 6. exd4 d5 7. Nf3 a6 8. O-O
dxc4 9. Bxc4 b5 10. Bb3 Bb7 11. Ne5 O-O 12. Bg5 Be7 13. Re1 Nc6 14. Nxc6 Bxc6
15. d5 Bxd5 16. Nxd5 exd5 17. Bxf6 Bxf6 18. Bxd5 Ra7 19. Qb3 Bxb2 20. Rad1 Qf6
21. Rd3 Be5 22. Rf3 Qh6 23. Rh3 Qd2 24. Qb1 g6 25. Rxe5 Rc7 26. Re1 Qxd5 27.
Qb4 Rc4 28. Qe7 Qc5 29. Qf6 Rc1 30. Rhe3 a5 31. Qb2 Rc8 32. h4 Rxe1+ 33. Rxe1
h5 34. Qf6 Qc6 35. Qf4 Re8 36. Rc1 Qe4 37. Qf6 Qe6 38. Qg5 Qe5 39. Rc5 Qxg5 40.
Rxg5 Re2 41. Rxb5 Rxa2 42. Rb8+ Kg7 43. Ra8 Kf6 44. f3 a4 45. g4 hxg4 46. fxg4
Ke5 47. Ra7 Kf4 48. Rxf7+ Kxg4 49. Rf6 Kh5 50. Ra6 a3 51. Ra4 g5 52. hxg5 Kxg5
53. Kh1 Kf5 54. Kg1 Ke5 55. Kf1 Ra1+ 56. Kf2 Kd5 57. Kg2 Kc5 58. Kf2 Kb5 59.
Ra8 Kb4 60. Rb8+ Kc3 61. Rc8+ Kb2 62. Rb8+ Ka2 63. Ke2 Rb1 64. Rc8 Rb2+ 65. Kd1
Kb3 66. Rb8+ Ka2 67. Rc8 Rb1+ 68. Kc2 Rb7 69. Rc6 Rh7 70. Rb6 Rc7+ 71. Kd2 Ka1
72. Rb3 a2 73. Rb8 Rc6 74. Rb7 Rh6 75. Kc2 Rh2+ 76. Kc1 Rh1+ 77. Kc2 Rb1 78.
Ra7 Rb2+ 79. Kc1 Rb3 80. Rc7 Rc3+ 81. Rxc3 1/2-1/2

[Event "Barber/Rockefeller Qualifier"]
[Site "Chess.com"]
[Date "2020.04.11"]
[Round "?"]
[White "Szeto, Sophie"]
[Black "Vijayakumar, Advaith"]
[Result "0-1"]
[WhiteElo "1705"]
[BlackElo "2026"]
[PlyCount "106"]
[EventDate "2020.??.??"]

1. e4 c5 2. Nf3 Nc6 3. d4 cxd4 4. Nxd4 Nf6 5. Nc3 d6 6. Bc4 Qb6 7. Nb3 e6 8.
Be3 Qc7 9. f3 Ne5 10. Bd3 Bd7 11. O-O Be7 12. Qd2 Nc4 13. Bxc4 Qxc4 14. Qd4 Qc7
15. Rad1 O-O 16. Rfe1 Bc6 17. Kh1 Rfd8 18. Bf2 Nd7 19. Bg3 Nb6 20. e5 dxe5 21.
Qxe5 Qxe5 22. Bxe5 Nc4 23. Rb1 b5 24. Bf4 b4 25. Ne4 a5 26. Nbd2 Nxd2 27. Nxd2
Rac8 28. b3 g5 29. Be3 Bb5 30. Rbc1 Rc6 31. Ne4 Rdc8 32. Bxg5 Bxg5 33. Nxg5
Rxc2 34. Rxc2 Rxc2 35. Ra1 Bd3 36. Ne4 Bxe4 37. fxe4 Kg7 38. h3 Kf6 39. Rf1+
Ke7 40. Ra1 f6 41. a3 a4 42. bxa4 b3 43. Rb1 b2 44. Kh2 Kd6 45. a5 Kc6 46. a6
Kb6 47. a7 Kxa7 48. Kg3 Ka6 49. Kf3 Kb5 50. Ke3 Kc4 51. a4 Kb3 52. Kd3 Rc1 53.
Rxc1 bxc1=Q 0-1

[Event "Barber/Rockefeller Qualifier"]
[Site "Chess.com"]
[Date "2020.04.11"]
[Round "?"]
[White "Vijayakumar, Advaith"]
[Black "Wong-Godfrey, Emerson"]
[Result "1-0"]
[WhiteElo "2026"]
[BlackElo "1522"]
[PlyCount "79"]
[EventDate "2020.??.??"]

1. d4 Nf6 2. c4 g6 3. g3 Bg7 4. Bg2 c6 5. Nf3 d5 6. cxd5 cxd5 7. Ne5 Nc6 8. Nc3
O-O 9. O-O Bf5 10. Nxc6 bxc6 11. Bf4 Re8 12. Rc1 Nd7 13. Na4 Rc8 14. b3 Bxd4
15. Qxd4 e5 16. Bxe5 Nxe5 17. Qxa7 Ra8 18. Qd4 Qd6 19. Rfd1 Ng4 20. e4 Be6 21.
exd5 cxd5 22. Nc3 Red8 23. Nxd5 Bxd5 24. Bxd5 Qxd5 25. Qxd5 Rxd5 26. Rxd5 Rxa2
27. Rf1 Rb2 28. Rb5 Kf8 29. h3 Nf6 30. Re1 Nd7 31. Rd1 Nf6 32. Rd4 Ke7 33. Rb6
h5 34. b4 Rb3 35. b5 Rc3 36. Rb7+ Ke6 37. b6 Nd5 38. Rb8 Ke5 39. Rxd5+ Kxd5 40.
Rd8+ 1-0

[Event "Barber/Rockefeller Qualifier"]
[Site "Chess.com"]
[Date "2020.04.12"]
[Round "?"]
[White "Vijayakumar, Advaith"]
[Black "Chang, Eddie"]
[Result "1-0"]
[WhiteElo "2026"]
[BlackElo "1887"]
[PlyCount "115"]
[EventDate "2020.??.??"]

1. d4 d5 2. c4 e6 3. Nc3 c5 4. cxd5 exd5 5. Nf3 Nc6 6. dxc5 d4 7. Na4 Bxc5 8.
Nxc5 Qa5+ 9. Bd2 Qxc5 10. Rc1 Qd6 11. e3 Be6 12. Nxd4 Nxd4 13. exd4 Ne7 14.
Bb5+ Nc6 15. Qa4 Bd5 16. O-O O-O 17. Bd3 Qe6 18. f3 Bxa2 19. Rfe1 Qd5 20. Be4
Qxd4+ 21. Qxd4 Nxd4 22. Bxb7 Rab8 23. Bb4 Rfd8 24. Ba5 Rf8 25. Bb4 Rfd8 26. Be7
Re8 27. Bd6 Rbd8 28. Bc7 Rxe1+ 29. Rxe1 Rf8 30. Ra1 Bb3 31. Bg3 Ne2+ 32. Kf2
Nxg3 33. Kxg3 a5 34. Rxa5 Rb8 35. Ra8 Rxa8 36. Bxa8 f6 37. Kf4 Kf7 38. Ke4 Ke6
39. Kd4 Kf5 40. Be4+ Kg5 41. Bd5 Ba4 42. b4 h5 43. Bc4 Kf4 44. b5 Bxb5 45. Bxb5
g5 46. Kd3 g4 47. Bc6 Kg5 48. Ke2 f5 49. Kf2 f4 50. Bd7 Kh4 51. h3 gxh3 52.
Bxh3 Kg5 53. Kg1 Kh4 54. Kh2 Kg5 55. Bc8 Kh4 56. Bd7 Kg5 57. Kh3 Kg6 58. Kh4
1-0

[Event "Barber/Rockefeller Qualifier"]
[Site "Chess.com"]
[Date "2020.04.12"]
[Round "?"]
[White "Vijayakumar, Advaith"]
[Black "Qian, Daniel"]
[Result "1-0"]
[WhiteElo "2026"]
[BlackElo "1886"]
[PlyCount "81"]
[EventDate "2020.??.??"]

1. d4 d5 2. c4 e6 3. Nc3 Nf6 4. cxd5 exd5 5. Bg5 Be7 6. e3 c6 7. Bd3 Ne4 8.
Bxe7 Qxe7 9. Qc2 Nd6 10. Nf3 Nd7 11. O-O h6 12. Rfe1 O-O 13. Rad1 Nf6 14. Ne5
Ng4 15. Nf3 Nf6 16. Ne5 Ng4 17. Nf3 f5 18. h3 Nf6 19. Ne5 Qe8 20. Ne2 Nd7 21.
Nf3 Ne4 22. Nd2 Ndf6 23. Nf3 Be6 24. Ne5 Nd7 25. f3 Nd6 26. Nf4 g5 27. Nfg6 Rf6
28. Nxd7 Bxd7 29. Ne5 Nf7 30. Nxd7 Qxd7 31. e4 dxe4 32. fxe4 Qxd4+ 33. Kh1 fxe4
34. Rxe4 Qd6 35. Bc4 Qg3 36. Re7 Kf8 37. Qe2 Nd6 38. Rh7 Nf5 39. Rh8+ Kg7 40.
Rxa8 Ne3 41. Rg8+ 1-0

[Event "Barber/Rockefeller Qualifier"]
[Site "Chess.com"]
[Date "2020.04.11"]
[Round "?"]
[White "Colombo, Dominic"]
[Black "Wang, Felicity"]
[Result "1-0"]
[WhiteElo "1960"]
[BlackElo "1667"]
[PlyCount "95"]
[EventDate "2020.??.??"]

1. e4 e5 2. Nf3 Nc6 3. Bb5 a6 4. Ba4 d6 5. d4 b5 6. Bb3 Nxd4 7. Nxd4 exd4 8.
Bd5 Rb8 9. Qxd4 Nf6 10. Qa7 Bd7 11. Qxa6 Nxd5 12. exd5 Ra8 13. Qb7 Be7 14. O-O
O-O 15. Bd2 Bf6 16. Bc3 Rb8 17. Qa7 Bxc3 18. Nxc3 b4 19. Ne4 Bb5 20. Rfe1 Rb6
21. a4 Bd7 22. a5 Rb5 23. Red1 Bf5 24. Qd4 Re8 25. f3 Qa8 26. a6 Re5 27. a7 Re8
28. Qc4 Rb7 29. Qc6 Kf8 30. Qa6 Rb6 31. Qc4 Qb7 32. a8=Q Rxa8 33. Rxa8+ Qxa8
34. Qxc7 Qb8 35. Qxb8+ Rxb8 36. Nxd6 Bxc2 37. Rd2 b3 38. Nc4 Ke7 39. d6+ Kd8
40. Ne5 Rb5 41. Nxf7+ Kd7 42. f4 Bf5 43. Ne5+ Kd8 44. d7 Bxd7 45. Rxd7+ Ke8 46.
Rxg7 h5 47. Rh7 Rd5 48. Rb7 1-0

[Event "Barber/Rockefeller Qualifier"]
[Site "Chess.com"]
[Date "2020.04.11"]
[Round "?"]
[White "Saloranta, Leo"]
[Black "Colombo, Dominic"]
[Result "0-1"]
[WhiteElo "831"]
[BlackElo "1960"]
[PlyCount "92"]
[EventDate "2020.??.??"]

1. f4 Nf6 2. e3 d5 3. Nf3 Nc6 4. Bb5 Bd7 5. O-O e6 6. d4 Ne4 7. Nc3 Nxc3 8.
bxc3 Bd6 9. Re1 a6 10. Bd3 Qf6 11. Bd2 h6 12. e4 dxe4 13. Bxe4 Bxf4 14. Bxf4
Qxf4 15. Rb1 Rb8 16. g3 Qd6 17. Bxc6 Bxc6 18. Ne5 O-O 19. Nxc6 Qxc6 20. Rb3
Rbd8 21. Qd3 b5 22. Re5 Rd5 23. Rxd5 Qxd5 24. a3 Rd8 25. h4 Qc6 26. Qe3 Rd5 27.
Qe4 Qc4 28. Qd3 Qc6 29. Qf3 Qd6 30. Qf4 Qxf4 31. gxf4 Rf5 32. Kg2 Rxf4 33. Kg3
Rf1 34. Kg2 Rc1 35. Rb2 f5 36. Kf3 g5 37. hxg5 hxg5 38. Kg3 Kf7 39. Kh3 Kg6 40.
Kg3 f4+ 41. Kg4 Kf6 42. Kf3 Kf5 43. Ke2 g4 44. Kf2 g3+ 45. Kg2 Kg4 46. c4 f3#
0-1

[Event "Barber/Rockefeller Qualifier"]
[Site "Chess.com"]
[Date "2020.04.12"]
[Round "?"]
[White "Colombo, Dominic"]
[Black "Chang, Eddie"]
[Result "0-1"]
[WhiteElo "1960"]
[BlackElo "1887"]
[PlyCount "86"]
[EventDate "2020.??.??"]

1. e4 c5 2. Nf3 d6 3. d4 cxd4 4. Nxd4 Nf6 5. Nc3 Nc6 6. f3 e5 7. Nb3 Be7 8. Be3
O-O 9. Qd2 a5 10. Bb5 Na7 11. Bxa7 Rxa7 12. O-O-O a4 13. Bxa4 Nxe4 14. Nxe4
Rxa4 15. Kb1 Be6 16. Qe3 Qa8 17. a3 Qa6 18. Rd2 b5 19. Nc3 Rc4 20. Nd5 Bxd5 21.
Rxd5 Rxc2 22. Kxc2 Qc6+ 23. Rc5 dxc5 24. Qxe5 Qg6+ 25. Kc1 Qxg2 26. Re1 Bf6 27.
Qe2 Qg5+ 28. Kb1 c4 29. Nd2 Qf5+ 30. Ne4 Rd8 31. Ka2 g6 32. Nxf6+ Qxf6 33. Rd1
Rc8 34. Rd5 c3 35. bxc3 Rxc3 36. Rxb5 Rxf3 37. Rb2 Kg7 38. Qc2 Qe6+ 39. Rb3 Re3
40. Qb2+ Kg8 41. Qb1 Re2+ 42. Ka1 Re1 43. Rb8+ Kg7 0-1

[Event "Barber/Rockefeller Qualifier"]
[Site "Chess.com"]
[Date "2020.04.12"]
[Round "?"]
[White "Qian, Daniel"]
[Black "Colombo, Dominic"]
[Result "1-0"]
[WhiteElo "1886"]
[BlackElo "1960"]
[PlyCount "117"]
[EventDate "2020.??.??"]

1. d4 Nf6 2. c4 g6 3. Nc3 d5 4. cxd5 Nxd5 5. e4 Nxc3 6. bxc3 Bg7 7. Bc4 c5 8.
Ne2 O-O 9. Be3 Nc6 10. O-O Qc7 11. Rc1 Rd8 12. Qa4 b6 13. Rfd1 Na5 14. Bd5 Bd7
15. Qa3 Bc6 16. Bxc6 Qxc6 17. d5 Qb5 18. Nf4 Nc4 19. Qb3 Qxb3 20. axb3 Nxe3 21.
fxe3 a5 22. Nd3 a4 23. bxa4 Rxa4 24. c4 b5 25. cxb5 c4 26. Nc5 Rb4 27. Rb1 Rxb1
28. Rxb1 Be5 29. b6 Rc8 30. Nd7 Bb8 31. Kf1 c3 32. Ke2 c2 33. Rc1 Bd6 34. e5
Rd8 35. exd6 Rxd7 36. dxe7 Rxe7 37. Rxc2 Rb7 38. Rb2 Kf8 39. Kd3 Ke7 40. Kd4
Kd6 41. e4 f6 42. g4 h5 43. gxh5 gxh5 44. h4 Rb8 45. b7 f5 46. e5+ Kd7 47. Kc5
f4 48. e6+ Ke7 49. Kc6 f3 50. Kc7 f2 51. Rxf2 Ra8 52. d6+ Kxe6 53. bxa8=Q Ke5
54. Qe8+ Kd5 55. Rd2+ Kc5 56. Qc6+ Kb4 57. Rb2+ Ka3 58. Rb8 Ka2 59. Qa8# 1-0

[Event "Barber/Rockefeller Qualifier"]
[Site "Chess.com"]
[Date "2020.04.12"]
[Round "?"]
[White "Ramkumar, Aditya"]
[Black "Colombo, Dominic"]
[Result "0-1"]
[WhiteElo "1645"]
[BlackElo "1960"]
[PlyCount "76"]
[EventDate "2020.??.??"]

1. e4 c5 2. Nf3 d6 3. d4 cxd4 4. Nxd4 Nf6 5. Nc3 a6 6. Be3 e5 7. Nb3 Be6 8. f3
Be7 9. Qd2 O-O 10. O-O-O Nbd7 11. g4 b5 12. g5 b4 13. Ne2 Nh5 14. Ng3 Nf4 15.
h4 a5 16. Kb1 a4 17. Nd4 exd4 18. Bxf4 b3 19. cxb3 axb3 20. a3 d5 21. Qxd4 dxe4
22. Nxe4 Qa5 23. Bd2 Qf5 24. Bg2 Nc5 25. Bh3 Qxf3 26. Bxe6 Nxe6 27. Qe3 Qf5 28.
Rdf1 Qd5 29. Ng3 Bc5 30. Qe2 Nd4 31. Qd3 Qc6 32. Be3 Nc2 33. Bxc5 Qxc5 34. Ne4
Nxa3+ 35. bxa3 Qxa3 36. Qc3 Qa2+ 37. Kc1 Rac8 38. Nc5 b2+ 0-1

[Event "Barber/Rockefeller Qualifier"]
[Site "Chess.com"]
[Date "2020.04.11"]
[Round "?"]
[White "Ramkumar, Aditya"]
[Black "Chang, Eddie"]
[Result "1/2-1/2"]
[WhiteElo "1645"]
[BlackElo "1887"]
[PlyCount "43"]
[EventDate "2020.??.??"]

1. e4 c5 2. Nf3 d6 3. d4 cxd4 4. Nxd4 Nf6 5. Nc3 Nc6 6. Be2 e5 7. Nb3 Be7 8.
Be3 O-O 9. O-O a5 10. a4 Nb4 11. Bf3 Be6 12. Nc1 d5 13. exd5 Nfxd5 14. Bxd5
Nxd5 15. Nxd5 Bxd5 16. Ne2 f5 17. f4 Bf6 18. c3 Bc4 19. Re1 Qc7 20. Qc1 Rfe8
21. fxe5 Bxe5 22. g3 1/2-1/2

[Event "Barber/Rockefeller Qualifier"]
[Site "Chess.com"]
[Date "2020.04.11"]
[Round "?"]
[White "Chang, Eddie"]
[Black "Sankar, Abhay"]
[Result "1-0"]
[WhiteElo "1887"]
[BlackElo "1503"]
[PlyCount "69"]
[EventDate "2020.??.??"]

1. d4 Nf6 2. c4 g6 3. Nc3 Bg7 4. e4 d6 5. Be2 O-O 6. Bg5 e5 7. dxe5 dxe5 8.
Qxd8 Rxd8 9. Nd5 Nbd7 10. Rd1 Nc5 11. Bxf6 Rd7 12. Bg4 Nxe4 13. Bxd7 Bxf6 14.
Bxc8 Rxc8 15. f3 Nd6 16. Nxf6+ Kg7 17. Ne4 Nxc4 18. b3 Nb6 19. Ne2 c5 20. N2c3
c4 21. Nd6 Rc6 22. Nxc4 Nxc4 23. bxc4 Rxc4 24. Ne4 Rc2 25. O-O Rxa2 26. Rd7 Rb2
27. Nd6 Rd2 28. Ne8+ Kf8 29. Rxd2 Kxe8 30. Rc1 Ke7 31. Rc7+ Ke8 32. Rxb7 Kf8
33. Rdd7 Ke8 34. Rxf7 Kd8 35. Rf8# 1-0

[Event "Barber/Rockefeller Qualifier"]
[Site "Chess.com"]
[Date "2020.04.11"]
[Round "?"]
[White "Qian, Daniel"]
[Black "Chen, Angela"]
[Result "0-1"]
[WhiteElo "1886"]
[BlackElo "1559"]
[PlyCount "88"]
[EventDate "2020.??.??"]

1. d4 d5 2. c4 e6 3. Nc3 Be7 4. Nf3 Nf6 5. cxd5 exd5 6. Bg5 h6 7. Bh4 c6 8. Qc2
O-O 9. e3 Be6 10. Bd3 Nbd7 11. h3 c5 12. Bf5 b6 13. a3 Rc8 14. g4 cxd4 15. Nxd4
Nc5 16. Bxe6 Nxe6 17. f3 Nxd4 18. exd4 Nxg4 19. Bxe7 Qxe7+ 20. Qe2 Qh4+ 21. Kd2
Rfe8 22. hxg4 Qg5+ 23. Kd1 Rxe2 24. Kxe2 Re8+ 25. Kf2 Qd2+ 26. Kg3 Qxb2 27.
Nxd5 Qxd4 28. Nb4 Re3 29. Ra2 a5 30. Nc2 Qe5+ 31. Kg2 Re2+ 32. Kf1 Qb5 33. Nd4
Qb1+ 34. Kxe2 Qxa2+ 35. Kd3 Qxa3+ 36. Ke4 Qe7+ 37. Kd3 Qc5 38. Rh5 Qd6 39. Rb5
a4 40. Ke4 a3 41. Rd5 Qe7+ 42. Re5 Qb7+ 43. Kd3 a2 44. Re1 Qa6+ 0-1

[Event "Barber/Rockefeller Qualifier"]
[Site "Chess.com"]
[Date "2020.04.11"]
[Round "?"]
[White "Wang, Daniel"]
[Black "Qian, Daniel"]
[Result "0-1"]
[WhiteElo "1476"]
[BlackElo "1886"]
[PlyCount "86"]
[EventDate "2020.??.??"]

1. e4 d6 2. d4 Nf6 3. Nc3 g6 4. Nf3 Bg7 5. Be3 a6 6. Bc4 b5 7. Be2 Bb7 8. d5 b4
9. Na4 Nxe4 10. Qd3 Nf6 11. c4 bxc3 12. Nxc3 c5 13. dxc6 Nxc6 14. O-O O-O 15.
Rac1 Ng4 16. Bd4 Nxd4 17. Nxd4 Ne5 18. Qe3 Qb6 19. Nb3 Qxe3 20. fxe3 Bh6 21.
Na5 Bxe3+ 22. Kh1 Bxc1 23. Rxc1 Rab8 24. Nxb7 Rxb7 25. Bxa6 Rxb2 26. Nd5 e6 27.
Nc3 Ra8 28. Bb5 Rc8 29. a4 Rxc3 30. Ra1 Ra3 31. Rd1 Rab3 32. h3 Rb1 33. Rxb1
Rxb1+ 34. Kh2 d5 35. Kg3 Nc4 36. Kg4 Nb6 37. Kf4 Rb4+ 38. Ke3 Nxa4 39. Bd3 Nc5
40. Bc2 d4+ 41. Kd2 Rb2 42. Kc1 Rb4 43. Kd1 d3 0-1

[Event "Barber/Rockefeller Qualifier"]
[Site "Chess.com"]
[Date "2020.04.12"]
[Round "?"]
[White "Qian, Daniel"]
[Black "Wong-Godfrey, Emerson"]
[Result "1-0"]
[WhiteElo "1886"]
[BlackElo "1522"]
[PlyCount "69"]
[EventDate "2020.??.??"]

1. d4 Nf6 2. c4 g6 3. Nc3 Bg7 4. e4 d6 5. Be2 O-O 6. Nf3 Nbd7 7. Be3 Re8 8. O-O
e5 9. d5 c6 10. dxc6 bxc6 11. Qxd6 Bb7 12. Nd2 Bf8 13. Qd3 Nc5 14. Qxd8 Raxd8
15. Rfd1 a6 16. f3 Nd3 17. Bxd3 Rxd3 18. Nf1 Red8 19. Rxd3 Rxd3 20. Rd1 Rxd1
21. Nxd1 Nd7 22. Nc3 Nc5 23. Nd2 Nd3 24. Na4 f5 25. a3 f4 26. Bb6 c5 27. b3 Bc6
28. Nc3 Kf7 29. Na2 Ke6 30. Kf1 Be7 31. Ke2 Nb2 32. Nf1 Bh4 33. Bxc5 a5 34. a4
Be1 35. Ba3 1-0

[Event "Barber/Rockefeller Qualifier"]
[Site "Chess.com"]
[Date "2020.04.11"]
[Round "?"]
[White "Wong-Godfrey, Emerson"]
[Black "Deng, Lily"]
[Result "1-0"]
[WhiteElo "1522"]
[BlackElo "1844"]
[PlyCount "73"]
[EventDate "2020.??.??"]

1. e4 e5 2. Nf3 Nc6 3. Bb5 Nf6 4. O-O Bc5 5. Re1 d6 6. c3 O-O 7. d4 exd4 8.
cxd4 Bb4 9. Bd2 Bxd2 10. Qxd2 a6 11. Bxc6 bxc6 12. h3 Re8 13. Nc3 Rb8 14. e5
Nd7 15. Rad1 Nb6 16. b3 Be6 17. Ne4 Bd5 18. Qd3 Bxe4 19. Rxe4 Nd5 20. Rh4 h6
21. Qxa6 Rb6 22. Qc4 Re6 23. a4 Rb4 24. Qxc6 dxe5 25. Qc2 c6 26. Re4 Qb6 27.
Rxe5 Rxe5 28. dxe5 Rxb3 29. a5 Qb5 30. Nd4 Rb2 31. Qxc6 Qxa5 32. Qc8+ Kh7 33.
Qf5+ Kg8 34. e6 fxe6 35. Nxe6 Rd2 36. Qf8+ Kh7 37. Qxg7# 1-0

[Event "Barber/Rockefeller Qualifier"]
[Site "Chess.com"]
[Date "2020.04.11"]
[Round "?"]
[White "Deng, Lily"]
[Black "Szeto, Sophie"]
[Result "0-1"]
[WhiteElo "1844"]
[BlackElo "1705"]
[PlyCount "148"]
[EventDate "2020.??.??"]

1. e4 c5 2. Nf3 d6 3. d4 cxd4 4. Nxd4 Nf6 5. Nc3 g6 6. Be3 Bg7 7. Bc4 O-O 8.
O-O Nc6 9. Nf3 Bd7 10. h3 Rc8 11. Bb3 a6 12. Re1 Qc7 13. Bf4 Nh5 14. Bd2 Nf6
15. Be3 Na5 16. Qd3 Nc4 17. Rab1 Nxb2 18. Rxb2 Qxc3 19. Bd4 Qxd3 20. cxd3 Bb5
21. Rd1 e5 22. Be3 Rc3 23. Bc2 Rfc8 24. Rd2 Nh5 25. g3 Nf6 26. d4 R3c4 27. Kg2
Bc6 28. d5 Bb5 29. Bd3 Nxe4 30. Bxc4 Bxc4 31. Rdc2 b5 32. Rb4 Nf6 33. a4 Nxd5
34. Rb1 Ne7 35. Rbc1 Rb8 36. axb5 axb5 37. Rb2 Rd8 38. g4 e4 39. Nd4 Nd5 40.
Rd2 Nxe3+ 41. fxe3 Bh6 42. Re1 Ra8 43. Rb2 Ra3 44. Nxb5 Bxb5 45. Rxb5 Rxe3 46.
Rxe3 Bxe3 47. Rb4 f5 48. gxf5 gxf5 49. Rb7 Bc5 50. h4 f4 51. Re7 d5 52. Re5 f3+
53. Kf1 e3 54. Rg5+ Kh8 55. Rxd5 e2+ 56. Ke1 Bb4+ 57. Rd2 Bxd2+ 58. Kxd2 Kg7
59. Ke1 Kg6 60. Kf2 Kh5 61. Ke1 Kxh4 62. Kf2 Kg4 63. Ke1 Kg3 64. Kd2 Kf2 65.
Kd3 e1=Q 66. Kc2 Qe3 67. Kb2 Qc5 68. Kb3 Ke2 69. Kb2 Kd2 70. Kb3 Kd3 71. Kb2
Qc3+ 72. Ka2 Qb4 73. Ka1 Kc2 74. Ka2 Qb2# 0-1

[Event "Barber/Rockefeller Qualifier"]
[Site "Chess.com"]
[Date "2020.04.12"]
[Round "?"]
[White "Singh, Saket"]
[Black "Deng, Lily"]
[Result "0-1"]
[WhiteElo "1494"]
[BlackElo "1844"]
[PlyCount "46"]
[EventDate "2020.??.??"]

1. e4 e5 2. Nf3 Nc6 3. Nc3 Nf6 4. d4 exd4 5. Nxd4 Nxd4 6. Qxd4 d6 7. Bc4 Be7 8.
O-O O-O 9. Rd1 Be6 10. e5 dxe5 11. Qxe5 Bd6 12. Qd4 Bxc4 13. Qxc4 h6 14. Nb5
Qe7 15. Nxd6 cxd6 16. Bf4 Rfd8 17. Qb4 a5 18. Bxd6 Qd7 19. Qf4 Ra6 20. Kf1 Rxd6
21. Rxd6 Qxd6 22. Qxd6 Rxd6 23. Re1 Kf8 0-1

[Event "Barber/Rockefeller Qualifier"]
[Site "Chess.com"]
[Date "2020.04.12"]
[Round "?"]
[White "Deng, Lily"]
[Black "Sankar, Abhay"]
[Result "1-0"]
[WhiteElo "1844"]
[BlackElo "1503"]
[PlyCount "115"]
[EventDate "2020.??.??"]

1. e4 e6 2. d4 d5 3. exd5 exd5 4. Nf3 Nf6 5. Nc3 Bb4 6. a3 Bxc3+ 7. bxc3 O-O 8.
Bd3 Re8+ 9. Be3 Ng4 10. Qd2 Nxe3 11. fxe3 Nd7 12. O-O c5 13. c4 cxd4 14. exd4
Nf6 15. Rad1 Bg4 16. h3 Bxf3 17. Rxf3 Rc8 18. cxd5 Qxd5 19. c3 Qa5 20. Rdf1 Rc6
21. Qb2 Rb6 22. Qa2 Rd6 23. Bc4 Qc7 24. Bd3 Qd7 25. Qf2 Re7 26. Qh4 h6 27. Rg3
Kf8 28. Rgf3 Qc6 29. Bf5 Qc7 30. Qf2 Nd5 31. Rc1 Nb6 32. Bd3 Nc4 33. Qg3 Nd2
34. Re3 Rxe3 35. Qxe3 Nc4 36. Bxc4 Qxc4 37. Qe5 Qe6 38. Qg3 Qg6 39. Qf3 Rb6 40.
Re1 Qd6 41. Qe3 Qd7 42. d5 f6 43. Qc5+ Kf7 44. c4 Kg6 45. Qd4 Ra6 46. Qd3+ Kf7
47. c5 Qd8 48. Qb3 b6 49. d6+ Kg6 50. Qd3+ Kf7 51. Qxa6 bxc5 52. Qxa7+ Kg6 53.
Qc7 Qa8 54. d7 Qa4 55. Qg3+ Kh7 56. Qd3+ Kg8 57. d8=Q+ Kf7 58. Re7# 1-0

[Event "Barber/Rockefeller Qualifier"]
[Site "Chess.com"]
[Date "2020.04.12"]
[Round "?"]
[White "Deng, Lily"]
[Black "Wang, Felicity"]
[Result "1-0"]
[WhiteElo "1844"]
[BlackElo "1667"]
[PlyCount "143"]
[EventDate "2020.??.??"]

1. e4 e5 2. Nf3 Nc6 3. Nc3 Nf6 4. Bb5 Bd6 5. O-O O-O 6. d3 h6 7. Be3 Re8 8. a3
Bf8 9. Re1 a6 10. Bc4 d6 11. h3 Be6 12. Nd5 Na5 13. Ba2 b5 14. b4 Nc6 15. Qd2
Bxd5 16. Bxd5 Nxd5 17. exd5 Ne7 18. c4 f5 19. Qe2 g6 20. Rad1 Bg7 21. Qc2 g5
22. Nh2 f4 23. Bd2 Rf8 24. Bc3 Nf5 25. Qe2 Qf6 26. Ng4 Qg6 27. Qe4 h5 28. Nh2
Qf6 29. Rc1 Bh8 30. Bb2 Rf7 31. Qe2 Qg6 32. Red1 Kh7 33. c5 Ne7 34. Qf3 Rg8 35.
cxd6 cxd6 36. Qe4 Nf5 37. Rc6 g4 38. hxg4 hxg4 39. Nf1 g3 40. fxg3 fxg3 41. Ne3
Qh5 42. Rxd6 Rg6 43. Rxg6 Qh2+ 44. Kf1 Nd6+ 45. Rf6+ Nxe4 46. Rxf7+ Kg6 47. Rf3
Ng5 48. Rf5 Nh3 49. Rc1 Nf4 50. Rc6+ Kh7 51. Rc7+ Bg7 52. Rxg7+ Kxg7 53. Bxe5+
Kg6 54. Rxf4 Qh1+ 55. Ke2 Qh5+ 56. Rg4+ Kf7 57. d4 Ke7 58. d6+ Kd7 59. Bxg3 Qf7
60. Be5 Qa2+ 61. Kf3 Qf7+ 62. Rf4 Qh5+ 63. Kf2 Qg6 64. Rf6 Qh5 65. Nf5 Qe8 66.
Ng7 Qg8 67. Ne6 Qg4 68. Nc5+ Ke8 69. d7+ Ke7 70. Re6+ Qxe6 71. Nxe6 Kxd7 72. d5
1-0